000 00480nam a2200157 a 4500
005 20140412111238.0
008 001118s19uu xx 00 eng d
020 _a0-03-005249-1
050 _aM 780.7
_bHo642 1988
245 _aHolt music, grade K /
_cEunice Boardman Meske, et. al.
250 _aTeacher's Edition
260 _aNew York :
_bHolt, Rinehart and Winston, Pub,
_c1988.
300 _a164 p. ; col. ; ill.
650 _aMusic -- study and teaching
999 _c102564
_d102564